000 00738nam a2200217 i 4500
001 169291
003 ES-MaACL
005 20230906214043.0
008 080828s2007 sp a |||| | spa d
020 _a978-84-7584-601-9
080 _a821.134.2-32"19"
100 1 _aRomero Izarra, Gonzalo.
_9138385
245 1 0 _aPalabras liberadas :
_b(microrelatos para una pedagogía de la deliberación) /
_cGonzalo Romero Izarra ; Carmen Alcaide, Raúl Marcos Jiménez, Jesús López Ribera (ilustradores).
250 _a1ª ed.
260 _aBarcelona :
_bLaertes,
_c2007.
300 _a115 p. :
_bil. ;
_c20 cm.
490 1 _aCamelot ;
_v12
830 1 _aCamelot ;
_v12
_9222811
852 _aES-MaACL
_jL-29650
999 _c169291
_d169291